Länder der Welt in allen Jetpunk Sprachen - Statistiken

Allgemein
  • Dieses Quiz wurde 25 mal gespielt
  • Das Durchschnittsergebnis liegt bei 575 aus 1764
Antworten auf der Karte
Die Antworten werden auf der Karte rot bzw. grün angezeigt, abhängig davon wie oft sie richtig erraten wurden.
 
Antwortstatistiken
Land % Korrekt
Deutschland
85%
Germany
80%
Canada
70%
Canadá
70%
Kanada
70%
Russland
70%
United States
70%
Vereinigte Staaten
70%
China
65%
Chiny
65%
Etats-Unis
65%
Finnland
65%
France
65%
Frankreich
65%
Noorwegen
65%
Norwegen
65%
Österreich
65%
Russia
65%
Rússia
65%
Spanje
65%
Stany Zjednoczone
65%
Stati Uniti
65%
Yhdysvallat
65%
Brasil
60%
Brazil
60%
Brazilië
60%
Indie
60%
Mexico
60%
Mexiko
60%
Norway
60%
Spain
60%
Sweden
60%
United Kingdom
60%
Vereinigtes Königreich
60%
Andora
55%
Andorra
55%
Andorre
55%
Argentinië
55%
Armenië
55%
Arménie
55%
Australia
55%
Austrália
55%
Australië
55%
Australie
55%
Austria
55%
Áustria
55%
Chile
55%
Cuba
55%
Dänemark
55%
India
55%
Índia
55%
Irland
55%
Japan
55%
Kuba
55%
Mexico
55%
México
55%
Peru
55%
Perú
55%
Perù
55%
Portugal
55%
Schweden
55%
Schweiz
55%
Spanien
55%
Afghanistan
50%
Argentina
50%
Argentyna
50%
Armenia
50%
Armênia
50%
Armenien
50%
Belarus
50%
Belgia
50%
België
50%
Bielorrusia
50%
Bielorrússia
50%
Bielorussia
50%
Biélorussie
50%
Bolivia
50%
Bolívia
50%
Bolivie
50%
Brasilia
50%
Brunei
50%
Brunéi
50%
Colombia
50%
Colômbia
50%
Costa Rica
50%
Danemark
50%
Finland
50%
Greece
50%
Griechenland
50%
Guyana
50%
Haiti
50%
Haïti
50%
Haití
50%
Holandia
50%
Indien
50%
Indonesië
50%
Indonésie
50%
Ireland
50%
Island
50%
Jamaica
50%
Jamaika
50%
Kasachstan
50%
Kazachstan
50%
Kolumbien
50%
Monaco
50%
Mongolei
50%
Mongolia
50%
Mongólia
50%
Nepal
50%
Népal
50%
Netherlands
50%
North Korea
50%
Panama
50%
Panamá
50%
Paraguay
50%
Polen
50%
San Marino
50%
Santa Lucia
50%
South Korea
50%
Surinam
50%
Suriname
50%
Trinité-et-Tobago
50%
Türkei
50%
Ukraine
50%
Uruguay
50%
Vatikanstadt
50%
Venezuela
50%
Weißrussland
50%
Afghanistan
45%
Ägypten
45%
Albanië
45%
Albanie
45%
Algérie
45%
Algerije
45%
Allemagne
45%
Angola
45%
Äquatorial-Guinea
45%
Argentinien
45%
Äthiopien
45%
Bahama
45%
Bahamas
45%
Bahama's
45%
Bahamy
45%
Bahrain
45%
Bahrajn
45%
Bahrein
45%
Bangladés
45%
Bangladesch
45%
Belgien
45%
Belgium
45%
Belize
45%
Benim
45%
Benin
45%
Benín
45%
Bénin
45%
Bhutan
45%
Botsuana
45%
Botswana
45%
Brasilien
45%
Bulgaria
45%
Bułgaria
45%
Bulgária
45%
Burkina Faso
45%
Democratische Republiek Congo
45%
Denmark
45%
Dominica
45%
Dominikanische Republik
45%
Ecuador
45%
Egypt
45%
El Salvador
45%
Equador
45%
Estland
45%
Fidschi
45%
Iceland
45%
Indonesia
45%
Indonésia
45%
Iran
45%
Irán
45%
Irão
45%
Italië
45%
Italie
45%
Italy
45%
Jamaica
45%
Kroatia
45%
Kroatië
45%
Laos
45%
Lesotho
45%
Liechtenstein
45%
Litauen
45%
Luxembourg
45%
Luxemburg
45%
Marokko
45%
Monaco
45%
Mónaco
45%
Mônaco
45%
Nauru
45%
Neuseeland
45%
New Zealand
45%
Nicaragua
45%
Nicarágua
45%
Niederlande
45%
Noord-Korea
45%
Nordkorea
45%
Paraguay
45%
Poland
45%
Republiek Congo
45%
Rumänien
45%
Saint-Christophe- et-Niévès
45%
Saint Kitts and Nevis
45%
Saint Kitts e Nevis
45%
Saint Kitts en Nevis
45%
Saint Kitts i Nevis
45%
Saint Kitts ja Nevis
45%
Saint Lucia
45%
Saint Vincent and the Grenadines
45%
Saint Vincent e Grenadine
45%
Saint Vincent en de Grenadines
45%
Saint-Vincent-et-les- Grenadines
45%
Saint Vincent i Grenadyny
45%
Saint Vincent ja Grenadiinit
45%
Salvador
45%
Samoa
45%
Serbia
45%
Serbie
45%
South Africa
45%
Sri Lanka
45%
St. Kitts und Nevis
45%
St. Lucia
45%
St. Vincent und die Grenadinen
45%
Südafrika
45%
Südkorea
45%
Taiwan
45%
Taiwán
45%
Taïwan
45%
Thailand
45%
Thaïlande
45%
Tonga
45%
Trinidad and Tobago
45%
Trinidad en Tobago
45%
Trinidad e Tobago
45%
Trinidad ja Tobago
45%
Trinidad und Tobago
45%
Trinidad y Tobago
45%
Turkey
45%
Vereinigte Arabische Emirate
45%
Vietname
45%
Zuid-Afrika
45%
Zuid-Korea
45%
Albania
40%
Albânia
40%
Albanien
40%
Algeria
40%
Algerien
40%
Algieria
40%
Antigua and Barbuda
40%
Antigua e Barbuda
40%
Antígua e Barbuda
40%
Antigua en Barbuda
40%
Antigua-et-Barbuda
40%
Antigua i Barbuda
40%
Antigua ja Barbuda
40%
Antigua und Barbuda
40%
Antigua y Barbuda
40%
Aserbaidschan
40%
Australien
40%
Barbados
40%
Birma
40%
Birmania
40%
Birmânia
40%
Birmanie
40%
Bolivien
40%
Bulgarie
40%
Bulgarien
40%
Bulgarije
40%
Burkina Faso
40%
Burundi
40%
Croatia
40%
Democratic Republic of the Congo
40%
Demokratische Republik Kongo
40%
Demokratyczna Republika Konga
40%
Elfenbeinküste
40%
Eritrea
40%
Ethiopia
40%
Georgië
40%
Géorgie
40%
Ghana
40%
Granada
40%
Grenada
40%
Guatemala
40%
Honduras
40%
Îles Marshall
40%
Ilhas Marshall
40%
Indonesien
40%
Irak
40%
Iraq
40%
Islas Salomón
40%
Isole Marshall
40%
Israel
40%
Israël
40%
Italien
40%
Jemen
40%
Kambodscha
40%
Kamerun
40%
Kenia
40%
Kenya
40%
Kongo
40%
Kongon demokraattinen tasavalta
40%
Kongon tasavalta
40%
Kosovo
40%
Kroatien
40%
Kyrgyzstan
40%
Lesotho
40%
Lettland
40%
Libye
40%
Liechtenstein
40%
Luxemburg
40%
Madagascar
40%
Madagáscar
40%
Madagaskar
40%
Malaysia
40%
Maldiven
40%
Malediven
40%
Mali
40%
Malí
40%
Malta
40%
Marokko
40%
Maroko
40%
Mauretanien
40%
Mauritania
40%
Mauritanië
40%
Mauritanie
40%
Mauritius
40%
Micronesia
40%
Moldawien
40%
Mosambik
40%
Myanmar
40%
Niger
40%
Níger
40%
Nigeria
40%
Nigéria
40%
Nordmazedonien
40%
Omã
40%
Oman
40%
Omán
40%
Pakistan
40%
Pakistán
40%
Palaos
40%
Palau
40%
Papua-Neuguinea
40%
Papua New Guinea
40%
Philippinen
40%
Repubblica del Congo
40%
Repubblica Democratica del Congo
40%
República del Congo
40%
República Democrática del Congo
40%
República Democrática do Congo
40%
República do Congo
40%
Republic of the Congo
40%
Republik Kongo
40%
République démocratique du Congo
40%
République du Congo
40%
Romania
40%
Salomon
40%
Saoedi-Arabië
40%
Saudi Arabia
40%
Saudi-Arabia
40%
Senegal
40%
Sénégal
40%
Serbien
40%
Singapur
40%
Slowakei
40%
Slowenien
40%
Soedan
40%
Somalia
40%
Somália
40%
Sudan
40%
Sudán
40%
Südsudan
40%
Sud Sudan
40%
Suisse
40%
Switzerland
40%
Syria
40%
Syrië
40%
Syrie
40%
Togo
40%
Tschad
40%
Tschechien
40%
Tunisia
40%
Turkmenistan
40%
Turkmenistán
40%
Turkménistan
40%
Tuvalu
40%
Ungarn
40%
Uruguay
40%
Uzbekistan
40%
Uzbekistán
40%
Vietnam
40%
Viêt Nam
40%
Zentralafrikanische Republik
40%
Zimbábue
40%
Zimbabwe
40%
Zuid-Soedan
40%
Zypern
40%
Argentine
35%
Belgia
35%
Catar
35%
Chili
35%
Djibouti
35%
Dschibuti
35%
Eritrea
35%
España
35%
Estados Federados de Micronesia
35%
Estados Federados da Micronésia
35%
Eswatini
35%
Federated States of Micronesia
35%
Figi
35%
Fiji
35%
Föderierte Staaten von Mikronesien
35%
Gambia
35%
Gâmbia
35%
Georgia
35%
Geórgia
35%
Guiné
35%
Guinea
35%
Guinea-Bissau
35%
Guinée
35%
Guinée-Bissau
35%
Hungary
35%
Isole Salomone
35%
Italia
35%
Itália
35%
Ivory Coast
35%
Japón
35%
Japon
35%
Jordan
35%
Jordanië
35%
Jordanie
35%
Jordanien
35%
Kap Verde
35%
Katar
35%
Kazajistán
35%
Kazakhstan
35%
Kazakistan
35%
Kirghizistan
35%
Kirgisia
35%
Kirgisistan
35%
Kirguistán
35%
Kiribati
35%
Kuwait
35%
Kuweit
35%
Kuwejt
35%
Liberia
35%
Libéria
35%
Libya
35%
Libyen
35%
Liechtenstein
35%
Maroc
35%
Marshallinseln
35%
Mauritius
35%
Mongolië
35%
Mongolie
35%
Montenegro
35%
Monténégro
35%
Mozambique
35%
Namibia
35%
Namíbia
35%
Oeganda
35%
Oost-Timor
35%
Osttimor
35%
Qatar
35%
Ruanda
35%
Rwanda
35%
Salomonen
35%
Sambia
35%
São Tomé and Príncipe
35%
Sao Tomé en Principe
35%
Sao Tome e Principe
35%
São Tomé e Príncipe
35%
Sao Tomé-et-Principe
35%
São Tomé ja Príncipe
35%
São Tomé und Príncipe
35%
Saudi-Arabien
35%
Seychellen
35%
Simbabwe
35%
Slovenia
35%
Somalië
35%
Somalie
35%
South Sudan
35%
Stati Federati di Micronesia
35%
Suazilandia
35%
Swasiland
35%
Swaziland
35%
Swazimaa
35%
Syrien
35%
Tadschikistan
35%
Tansania
35%
Tanzania
35%
Tanzânia
35%
Tunesië
35%
Uganda
35%
United Arab Emirates
35%
Usbekistan
35%
Vanuatu
35%
Verenigd Koninkrijk
35%
Zambia
35%
Azerbaïdjan
30%
Azerbaijan
30%
Azerbeidzjan
30%
Bosnia and Herzegovina
30%
Bosnia ed Erzegovina
30%
Bósnia e Herzegovina
30%
Bośnia i Hercegowina
30%
Bosnia ja Hertsegovina
30%
Bosnia y Herzegovina
30%
Bosnië en Herzegovina
30%
Bosnie-Herzégovine
30%
Cambodia
30%
Camerún
30%
Camerun
30%
Central African Republic
30%
Chad
30%
Chine
30%
Colombia
30%
Comoren
30%
Comores
30%
Comoros
30%
Côte d'Ivoire
30%
Cypr
30%
Djibouti
30%
Dominican Republic
30%
Dominika
30%
East Timor
30%
Equatorial Guinea
30%
Espagne
30%
Estonia
30%
Estônia
30%
Gabun
30%
Georgien
30%
Iraq
30%
Kazachstan
30%
Kirgistan
30%
Kirgizië
30%
Komoren
30%
Latvia
30%
Liban
30%
Líbano
30%
Libano
30%
Libanon
30%
Macedonia del Norte
30%
Macedonia Północna
30%
Malaui
30%
Malawi
30%
Mauretania
30%
Micronésie
30%
Moldávia
30%
Mołdawia
30%
Morocco
30%
Mozambique
30%
North Macedonia
30%
Papua-Uusi-Guinea
30%
Philippines
30%
Qatar
30%
Russie
30%
Seychelles
30%
Singapore
30%
Słowenia
30%
Tadzjikistan
30%
Tunesien
30%
Turkije
30%
Vanuatu
30%
Vatican
30%
Vatican City
30%
Yemen
30%
Yémen
30%
Afganistán
25%
Afganistan
25%
Afrique du Sud
25%
Alemania
25%
Azerbaijan
25%
Azerbaiyán
25%
Bangladesh
25%
Bosnien und Herzegowina
25%
Bután
25%
Cameroon
25%
Cape Verde
25%
Corée du Nord
25%
Corée du Sud
25%
Costa d'Avorio
25%
Costa de Marfil
25%
Costa do Marfim
25%
Croatie
25%
Cyprus
25%
Czech Republic
25%
Dżibuti
25%
Ethiopië
25%
Éthiopie
25%
Gabon
25%
Gabón
25%
Islande
25%
Ivoorkust
25%
Lebanon
25%
Liettua
25%
Lithuania
25%
Malaisie
25%
Maldive
25%
Maldives
25%
Marocco
25%
Marshall Islands
25%
Moldavie
25%
Moldova
25%
Monako
25%
Namibië
25%
Namibie
25%
Nederland
25%
Norsunluurannikko
25%
Papoea-Nieuw-Guinea
25%
Papouasie-Nouvelle- Guinée
25%
Pays-Bas
25%
Pérou
25%
Republika Zielonego Przylądka
25%
Rumania
25%
Singapore
25%
Slovakia
25%
Slovenië
25%
Slovénie
25%
Soudan
25%
Soudan du Sud
25%
Tadjikistan
25%
Tagikistan
25%
Tajikistan
25%
Tayikistán
25%
Timor oriental
25%
Verenigde Arabische Emiraten
25%
Verenigde Staten
25%
Wybrzeże Kości Słoniowej
25%
Zambia
25%
Zâmbia
25%
Arabie Saoudite
20%
Autriche
20%
Bahrein
20%
Bahreïn
20%
Barbade
20%
Belgique
20%
Belice
20%
Cameroun
20%
Centraal-Afrikaanse Republiek
20%
Colombie
20%
Comoras
20%
Comores
20%
Comoros
20%
Estados Unidos
20%
Estonie
20%
Finlande
20%
Francia
20%
Germania
20%
Grèce
20%
Grecia
20%
Grécia
20%
Grenade
20%
Hungría
20%
Île Maurice
20%
Inde
20%
Irlande
20%
Itä-Timor
20%
Jordania
20%
Jordânia
20%
Kenya
20%
Libia
20%
Líbia
20%
Lituania
20%
Lituânia
20%
Mexique
20%
Moldavia
20%
Moldavië
20%
Norvège
20%
Ouganda
20%
Papua Nova Guiné
20%
Papua-Nowa Gwinea
20%
Papua Nueva Guinea
20%
Polonia
20%
Polônia
20%
Roumanie
20%
Royaume-Uni
20%
Rusia
20%
Rusland
20%
Rwanda
20%
Sierra Leone
20%
Singapour
20%
Slowakije
20%
Solomon Islands
20%
Suède
20%
Suomi
20%
Tanzanie
20%
Timor-Leste
20%
Zambie
20%
Baréin
15%
Bhoutan
15%
Brasile
15%
Brésil
15%
Cambodge
15%
Camboja
15%
Cap-Vert
15%
Chade
15%
Chypre
15%
Cile
15%
Città del Vaticano
15%
Ciudad del Vaticano
15%
Djibouti
15%
Dominicaanse Republiek
15%
Egypte
15%
Égypte
15%
Érythrée
15%
Espanja
15%
Etiopía
15%
Etiopia
15%
Etiópia
15%
Finlandia
15%
Finlândia
15%
França
15%
Gambie
15%
Gana
15%
Guinee
15%
Guinee-Bissau
15%
Iraque
15%
Jamaïque
15%
Japani
15%
Kazakstan
15%
Kolumbia
15%
Koweït
15%
Lesoto
15%
Letonia
15%
Letónia
15%
Lettonie
15%
Lituanie
15%
Macedonia del Nord
15%
Macedónia do Norte
15%
Malte
15%
Mikronesia
15%
Mjanma
15%
Mozambik
15%
Niemcy
15%
Nieuw-Zeeland
15%
Norwegia
15%
Nouvelle-Zélande
15%
Pologne
15%
Polska
15%
Reino Unido
15%
République Centrafricaine
15%
Saint-Marin
15%
Siria
15%
Síria
15%
Suecia
15%
Suécia
15%
Svizzera
15%
Thailandia
15%
Tsjaad
15%
Tunisia
15%
Tunísia
15%
Tunisie
15%
Vaticano
15%
Alemanha
10%
Azerbaidžan
10%
Bélgica
10%
Cabo Verde
10%
Cambodja
10%
Capo Verde
10%
Chipre
10%
Ciad
10%
Cina
10%
Cipro
10%
Croacia
10%
Croácia
10%
Czad
10%
Dominique
10%
Duitsland
10%
Egipt
10%
Emirados Árabes Unidos
10%
Emirati Arabi Uniti
10%
Emiratos Árabes Unidos
10%
Émirats arabes unis
10%
Équateur
10%
Eslovaquia
10%
Eslováquia
10%
Fidji
10%
Filipinas
10%
Frankrijk
10%
Giamaica
10%
Granada
10%
Guiana
10%
Guinea Ecuatorial
10%
Guiné-Bissau
10%
Guinée équatoriale
10%
Gwatemala
10%
Gwinea
10%
Gwinea Bissau
10%
Hongrie
10%
Hungria
10%
Ierland
10%
Irlandia
10%
Islandia
10%
Islândia
10%
Japonia
10%
Koeweit
10%
Komory
10%
Lettonia
10%
Libië
10%
Macédoine du Nord
10%
Malasia
10%
Malásia
10%
Marshalleilanden
10%
Maurícia
10%
Mauritania
10%
Mauritânia
10%
Moçambique
10%
Noord-Macedonië
10%
Noruega
10%
Norvegia
10%
Nova Zelândia
10%
Nueva Zelanda
10%
Oostenrijk
10%
Ouzbékistan
10%
Países Bajos
10%
Palaos
10%
Paraguai
10%
Reino Unido
10%
Repubblica Centrafricana
10%
República Checa
10%
República Dominicana
10%
République dominicaine
10%
République tchèque
10%
Sainte-Lucie
10%
Saksa
10%
Santa Lucía
10%
Santa Lúcia
10%
Slovaquie
10%
Sudáfrica
10%
Sudafrica
10%
Suíça
10%
Suiza
10%
Tadžikistan
10%
Tailandia
10%
Tailândia
10%
Tchad
10%
Timor Oriental
10%
Tšad
10%
Turquía
10%
Turquia
10%
Ucraina
10%
Ukraina
10%
Ungheria
10%
Uruguai
10%
Viro
10%
Afeganistão
5%
África do Sul
5%
Arabia Saudita
5%
Arábia Saudita
5%
Argelia
5%
Argélia
5%
Argentiina
5%
Azerbaijão
5%
Azerbejdżan
5%
Bangladesz
5%
Belgio
5%
Boliwia
5%
Brazylia
5%
Butão
5%
Camarões
5%
Cambogia
5%
Camboya
5%
Cazaquistão
5%
Corea del Nord
5%
Corea del Norte
5%
Corea del Sud
5%
Corea del Sur
5%
Coreia do Norte
5%
Coreia do Sul
5%
Croazia
5%
Czechy
5%
Dania
5%
Danimarca
5%
Dinamarca
5%
Dominikaaninen tasavalta
5%
Dominikana
5%
Egipto
5%
Egito
5%
Egitto
5%
Egypti
5%
Ekwador
5%
Eritreia
5%
Erytrea
5%
Eslovenia
5%
Eslovénia
5%
Espanha
5%
Essuatíni
5%
Etelä-Afrikka
5%
Etelä-Korea
5%
Etelä-Sudan
5%
Fidżi
5%
Fidži
5%
Filipinas
5%
Filippine
5%
Fiyi
5%
Gabão
5%
Giappone
5%
Gibuti
5%
Giordania
5%
Griekenland
5%
Guinea Equatoriale
5%
Guiné Equatorial
5%
Iémen
5%
IJsland
5%
Ilhas Salomão
5%
Irlanda
5%
Islanda
5%
Islas Marshall
5%
Israele
5%
Izrael
5%
Japão
5%
Kaapverdië
5%
Kambodża
5%
Kambodža
5%
Kameroen
5%
Kiina
5%
Korea Północna
5%
Kosowo
5%
Kostaryka
5%
Kuuba
5%
Kypros
5%
Letland
5%
Litwa
5%
Łotwa
5%
Lussemburgo
5%
Luxemburgo
5%
Maldivas
5%
Malesia
5%
Marrocos
5%
Marruecos
5%
Mauricio
5%
Meksiko
5%
Messico
5%
Mozambico
5%
Nikaragua
5%
Nowa Zelandia
5%
Nuova Zelanda
5%
Oezbekistan
5%
Paesi Bassi
5%
Países Baixos
5%
Papua Nuova Guinea
5%
Paquistão
5%
Pohjois-Korea
5%
Pohjois-Makedonia
5%
Portogallo
5%
Portugali
5%
Portugalia
5%
Quênia
5%
Quirguistão
5%
Regno Unito
5%
Repubblica Ceca
5%
Repubblica Dominicana
5%
República Centroafricana
5%
República Centro-Africana
5%
República Dominicana
5%
Romênia
5%
Rumunia
5%
Salomonseilanden
5%
Salwador
5%
San Cristóbal y Nieves
5%
Santo Tomé y Príncipe
5%
San Vicente y las Granadinas
5%
São Cristóvão e Nevis
5%
São Vicente e Granadinas
5%
Sérvia
5%
Servië
5%
Sierra Leona
5%
Singapura
5%
Slovacchia
5%
Spagna
5%
Sudán del Sur
5%
Sudão
5%
Sudão do Sul
5%
Svezia
5%
Timor Est
5%
Túnez
5%
Turchia
5%
Turkki
5%
Turquie
5%
Ucrania
5%
Ucrânia
5%
Wietnam
5%
Yibuti
5%
Zimbabue
5%
Alankomaat
0%
Arabia Saudyjska
0%
Białoruś
0%
Chorwacja
0%
Czarnogóra
0%
Denemarken
0%
Equatoriaal-Guinea
0%
Filipijnen
0%
Filipiny
0%
Filippiinit
0%
Francja
0%
Grecja
0%
Gruzja
0%
Gujana
0%
Gwinea Równikowa
0%
Hiszpania
0%
Hongarije
0%
Indonezja
0%
Intia
0%
Irlanti
0%
Islanti
0%
Itävalta
0%
Jamajka
0%
Keski-Afrikan tasavalta
0%
Komorit
0%
Korea Południowa
0%
Kreikka
0%
Litouwen
0%
Luksemburg
0%
Malediivit
0%
Malediwy
0%
Maleisië
0%
Malezja
0%
Marshallinsaaret
0%
Meksyk
0%
Mikronezja
0%
Norja
0%
Oekraïne
0%
Päiväntasaajan Guinea
0%
Paragwaj
0%
Puola
0%
Ranska
0%
Republika Południowej Afryki
0%
Republika Środkowoafrykańska
0%
Roemenië
0%
Rosja
0%
Ruotsi
0%
Salomonsaaret
0%
Serra Leoa
0%
Seszele
0%
Seychellit
0%
Słowacja
0%
Sudan Południowy
0%
Sveitsi
0%
Syyria
0%
Szwajcaria
0%
Szwecja
0%
Tadżykistan
0%
Tajiquistão
0%
Tajlandia
0%
Tajwan
0%
Tanska
0%
Thaimaa
0%
Timor Wschodni
0%
Trynidad i Tobago
0%
Tšekki
0%
Tsjechië
0%
Tunezja
0%
Turcja
0%
Turquemenistão
0%
Unkari
0%
Urugwaj
0%
Uusi-Seelanti
0%
Uzbequistão
0%
Valko-Venäjä
0%
Vaticaanstad
0%
Vatikaanivaltio
0%
Venäjä
0%
Watykan
0%
Węgry
0%
Wenezuela
0%
Wielka Brytania
0%
Włochy
0%
Wyspy Marshalla
0%
Wyspy Salomona
0%
Wyspy Świętego Tomasza i Książeca
0%
Yhdistyneet arabiemiirikunnat
0%
Yhdistynyt kuningaskunta
0%
Zjednoczone Emiraty Arabskie
0%
Zweden
0%
Zwitserland
0%
Keine übereinstimmenden Quizze gefunden
Verteilung der Resultate
Anzahl Personen mit jedem Resultat
Perzentil nach korrekt beantworteten Fragen
Ihre Resultats-Entwicklung
Sie haben dieses Quiz noch nicht gespielt